JR西日本のICOCAエリア駅 - Statistics

General Stats
  • This quiz has been taken 35 times
  • The average score is 393 of 777
Answer Stats
Answer % Correct
京都
88%
大阪
88%
神戸
88%
広島
88%
88%
米原
85%
彦根
85%
三ノ宮
85%
尾道
85%
新山口
85%
近江八幡
81%
大津
81%
西宮
81%
芦屋
81%
元町
81%
相生
81%
岡山
81%
福山
81%
三原
81%
岩国
81%
下関
81%
能登川
77%
高槻
77%
新大阪
77%
尼崎
77%
さくら夙川
77%
六甲道
77%
77%
兵庫
77%
須磨
77%
垂水
77%
東岡山
77%
河内
77%
77%
77%
山口
77%
南彦根
73%
河瀬
73%
安土
73%
野洲
73%
守山
73%
草津
73%
南草津
73%
瀬田
73%
長岡京
73%
山崎
73%
島本
73%
摂津富田
73%
JR総持寺
73%
茨木
73%
吹田
73%
塚本
73%
甲子園口
73%
甲南山手
73%
摂津本山
73%
住吉
73%
摩耶
73%
近江今津
73%
マキノ
73%
近江塩津
73%
敦賀
73%
新長田
73%
須磨海浜公園
73%
明石
73%
西明石
73%
姫路
73%
はりま勝原
73%
倉敷
73%
新倉敷
73%
西条
73%
海田市
73%
徳山
73%
新下関
73%
和田岬
73%
播州赤穂
73%
津山
73%
73%
甲南
73%
和歌山
73%
篠原
69%
石山
69%
山科
69%
西大路
69%
桂川
69%
向日町
69%
東淀川
69%
立花
69%
大津京
69%
比叡山坂本
69%
おごと温泉
69%
堅田
69%
小野
69%
安曇川
69%
西九条
69%
ユニバーサルシティ
69%
伊丹
69%
三田
69%
新三田
69%
篠山口
69%
福知山
69%
長浜
69%
七尾
69%
高岡
69%
塩屋
69%
舞子
69%
東加古川
69%
加古川
69%
東姫路
69%
英賀保
69%
網干
69%
上郡
69%
糸崎
69%
柳井
69%
下松
69%
防府
69%
小野田
69%
厚狭
69%
西脇市
69%
和田山
69%
総社
69%
茶屋町
69%
児島
69%
69%
奈良
69%
関西空港
69%
稲枝
65%
栗東
65%
膳所
65%
千里丘
65%
岸辺
65%
近江舞子
65%
福島
65%
野田
65%
弁天町
65%
大正
65%
芦原橋
65%
今宮
65%
新今宮
65%
天王寺
65%
桃谷
65%
鶴橋
65%
大阪城公園
65%
京橋
65%
天満
65%
桜島
65%
塚口
65%
北伊丹
65%
川西池田
65%
宝塚
65%
西宮名塩
65%
柏原
65%
木ノ本
65%
津幡
65%
和倉温泉
65%
朝霧
65%
大久保
65%
土山
65%
ひめじ別所
65%
竜野
65%
瀬戸
65%
西川原
65%
笠岡
65%
瀬野
65%
天神川
65%
新白島
65%
横川
65%
西広島
65%
幡生
65%
宇野
65%
備中高梁
65%
新見
65%
豊岡
65%
鳥取
65%
米子
65%
松江
65%
出雲市
65%
境港
65%
王寺
65%
桜井
65%
日根野
65%
和歌山市
65%
和邇
62%
志賀
62%
近江高島
62%
永原
62%
寺田町
62%
玉造
62%
森ノ宮
62%
桜ノ宮
62%
余呉
62%
新高岡
62%
鷹取
62%
曽根
62%
有年
62%
三石
62%
和気
62%
東福山
62%
五日市
62%
廿日市
62%
宮島口
62%
和木
62%
福崎
62%
寺前
62%
西大寺
62%
可部
62%
丹波口
62%
二条
62%
嵯峨嵐山
62%
倉吉
62%
亀山
62%
柘植
62%
伊賀上野
62%
加茂
62%
木津
62%
平城山
62%
郡山
62%
法隆寺
62%
久宝寺
62%
JR難波
62%
東福寺
62%
六地蔵
62%
宇治
62%
京終
62%
天理
62%
高田
62%
同志社前
62%
京田辺
62%
松井山手
62%
河内磐船
62%
堺市
62%
62%
和泉府中
62%
熊取
62%
紀伊
62%
五条
62%
新宮
62%
御坊
62%
りんくうタウン
62%
北新地
62%
加島
62%
唐崎
58%
新旭
58%
近江中庄
58%
安治川口
58%
中山寺
58%
相野
58%
坂田
58%
田村
58%
虎姫
58%
高月
58%
新疋田
58%
高松
58%
羽咋
58%
魚住
58%
北長瀬
58%
金光
58%
八本松
58%
向洋
58%
大竹
58%
竹田
58%
備中高松
58%
伯耆大山
58%
あき亀山
58%
梅小路京都西
58%
保津峡
58%
亀岡
58%
園部
58%
綾部
58%
城崎温泉
58%
安来
58%
玉造温泉
58%
八尾
58%
加美
58%
平野
58%
東部市場前
58%
稲荷
58%
JR藤森
58%
城陽
58%
西木津
58%
長尾
58%
寝屋川公園
58%
四条畷
58%
住道
58%
放出
58%
鴫野
58%
長居
58%
三国ケ丘
58%
東岸和田
58%
和泉砂川
58%
和泉鳥取
58%
東羽衣
58%
吉野口
58%
橋本
58%
紀伊勝浦
58%
串本
58%
周参見
58%
白浜
58%
紀伊田辺
58%
湯浅
58%
大阪城北詰
58%
大阪天満宮
58%
御幣島
58%
南吹田
58%
比良
54%
道場
54%
中津幡
54%
宝殿
54%
御着
54%
万富
54%
東尾道
54%
白市
54%
安芸中野
54%
宮内串戸
54%
櫛ケ浜
54%
宇部
54%
粟生
54%
生野
54%
播磨新宮
54%
西相生
54%
坂越
54%
太秦
54%
鳥取大学前
54%
宍道
54%
西舞鶴
54%
東舞鶴
54%
米子空港
54%
笠置
54%
大和小泉
54%
三郷
54%
高井田
54%
貴生川
54%
桃山
54%
黄檗
54%
三輪
54%
畝傍
54%
山中渓
54%
JR五位堂
54%
御所
54%
箕島
54%
海南
54%
紀三井寺
54%
新福島
54%
海老江
54%
JR淡路
54%
高井田中央
54%
JR河内永和
54%
新加美
54%
北小松
50%
武田尾
50%
谷川
50%
河毛
50%
吉永
50%
熊山
50%
高島
50%
中庄
50%
里庄
50%
中野東
50%
新井口
50%
大野浦
50%
由宇
50%
柳井港
50%
厄神
50%
備前福河
50%
日生
50%
妹尾
50%
清音
50%
根雨
50%
下深川
50%
竹原
50%
円町
50%
花園
50%
月ケ瀬口
50%
河内堅上
50%
JR小倉
50%
新田
50%
山城青谷
50%
上狛
50%
帯解
50%
祝園
50%
下狛
50%
JR三山木
50%
津田
50%
徳庵
50%
我孫子町
50%
東貝塚
50%
六十谷
50%
紀伊中ノ島
50%
香芝
50%
粉河
50%
岩出
50%
太地
50%
藤並
50%
紀和
50%
城北公園通
50%
JR野江
50%
JR俊徳道
50%
衣摺加美北
50%
広野
46%
丹波竹田
46%
宇野気
46%
上道
46%
入野
46%
寺家
46%
阿品
46%
南岩国
46%
小月
46%
備前片上
46%
法界院
46%
上の町
46%
上深川
46%
中深川
46%
新広
46%
呉ポートピア
46%
湯田温泉
46%
馬堀
46%
八木
46%
鍼灸大学前
46%
胡麻
46%
八鹿
46%
加太
46%
志紀
46%
油日
46%
甲賀
46%
三雲
46%
甲西
46%
石部
46%
手原
46%
木幡
46%
櫟本
46%
星田
46%
野崎
46%
鴻池新田
46%
美章園
46%
杉本町
46%
浅香
46%
百舌鳥
46%
北信太
46%
信太山
46%
東佐野
46%
那智
46%
南部
46%
広川ビーチ
46%
JR長瀬
46%
猪名寺
42%
藍本
42%
丹波大山
42%
本津幡
42%
庭瀬
42%
西阿知
42%
備後赤坂
42%
松永
42%
本郷
42%
西高屋
42%
田布施
42%
新南陽
42%
余部
42%
天和
42%
大元
42%
備前西市
42%
早島
42%
植松
42%
神辺
42%
千代川
42%
江原
42%
湖山
42%
東松江
42%
島ケ原
42%
長池
42%
山城多賀
42%
玉水
42%
棚倉
42%
金橋
42%
大住
42%
藤阪
42%
南田辺
42%
鶴ケ丘
42%
上野芝
42%
長滝
42%
畠田
42%
志都美
42%
北宇智
42%
高野口
42%
古座
42%
印南
42%
南羽咋
38%
大門
38%
前空
38%
玖波
38%
藤生
38%
埴生
38%
長府
38%
社町
38%
京口
38%
備前三門
38%
備前一宮
38%
備中広瀬
38%
生山
38%
狩留家
38%
日吉
38%
後藤
38%
佐那具
38%
柳本
38%
巻向
38%
香久山
38%
忍ケ丘
38%
津久野
38%
久米田
38%
新家
38%
紀伊日置
38%
朝来
38%
紀伊由良
38%
生瀬
35%
古市
35%
石生
35%
黒井
35%
市島
35%
能登部
35%
能登二宮
35%
鴨方
35%
通津
35%
大畠
35%
四辻
35%
厚東
35%
神野
35%
小野町
35%
仁豊野
35%
本竜野
35%
寒河
35%
西片上
35%
長船
35%
吉備津
35%
豪渓
35%
大町
35%
緑井
35%
河戸帆待川
35%
並河
35%
吉富
35%
東山公園
35%
新堂
35%
大河原
35%
和泉橋本
35%
大和新庄
35%
玉手
35%
掖上
35%
妙寺
35%
打田
35%
田井ノ瀬
35%
紀伊姫
35%
紀伊有田
35%
紀伊内原
35%
冷水浦
35%
蓬莱
31%
草野
31%
免田
31%
宝達
31%
良川
31%
徳田
31%
神代
31%
福川
31%
富海
31%
大道
31%
砥堀
31%
溝口
31%
東觜崎
31%
大多羅
31%
東総社
31%
備中箕島
31%
久々原
31%
木見
31%
木野山
31%
井倉
31%
安芸阿賀
31%
梅林
31%
船岡
31%
荘原
31%
寺庄
31%
富木
31%
大和二見
31%
隅田
31%
中飯降
31%
三輪崎
31%
見老津
31%
椿
31%
道成寺
31%
黒江
31%
宮前
31%
南矢代
27%
下滝
27%
能瀬
27%
金丸
27%
岩田
27%
島田
27%
戸田
27%
嘉川
27%
本由良
27%
日岡
27%
市場
27%
青野ケ原
27%
滝野
27%
27%
香呂
27%
甘地
27%
播磨高岡
27%
太市
27%
大安寺
27%
美袋
27%
石蟹
27%
安芸矢口
27%
戸坂
27%
矢賀
27%
忠海
27%
安浦
27%
かるが浜
27%
矢野
27%
乃木
27%
直江
27%
博労町
27%
大篠津町
27%
馬場崎町
27%
下兵庫
27%
笠田
27%
下井阪
27%
紀伊小倉
27%
布施屋
27%
千旦
27%
紀伊天満
27%
紀伊富田
27%
初島
27%
横山
23%
千路
23%
野里
23%
新野
23%
服部
23%
八浜
23%
備前田井
23%
備中川面
23%
方谷
23%
安芸幸崎
23%
安芸津
23%
末恒
23%
揖屋
23%
来待
23%
富士見町
23%
弓ヶ浜
23%
長柄
23%
大谷
23%
西笠田
23%
名手
23%
紀伊長田
23%
紀伊佐野
23%
下里
23%
田子
23%
和深
23%
芳養
23%
和佐
23%
下津
23%
敷浪
19%
河合西
19%
鶴居
19%
伊里
19%
伊部
19%
香登
19%
邑久
19%
足守
19%
備前片岡
19%
迫川
19%
日羽
19%
備後本庄
19%
須波
19%
吉浦
19%
天応
19%
下祇園
19%
古市橋
19%
七軒茶屋
19%
中島
19%
浜村
19%
青谷
19%
荒島
19%
紀伊山田
19%
湯川
19%
田並
19%
江住
19%
紀伊新庄
19%
切目
19%
紀伊宮原
19%
加茂郷
19%
彦崎
15%
横尾
15%
安芸長浜
15%
大乗
15%
安芸川尻
15%
川原石
15%
水尻
15%
安芸長束
15%
上八木
15%
宝木
15%
15%
松崎
15%
和田浜
15%
船戸
15%
宇久井
15%
紀伊浦神
15%
紀伊田原
15%
稲原
15%
大富
12%
常山
12%
安登
12%
小屋浦
12%
三滝
12%
余子
12%
岩代
12%
玖村
8%
吉名
8%
風早
8%
仁方
8%
三本松口
8%
河崎口
8%
中浜
8%
高松町
8%
No matching quizzes found
Score Distribution
Percent of People with Each Score
Percentile by Number Answered
Your Score History
You have not taken this quiz